000 00599nam a2200241Ia 4500
003 OSt
005 20221005132538.0
006 a|||||r|||| 00| 0
007 ta
008 221004b |||||||| |||| 00| 0 eng d
024 _a53417
037 _cTextual
040 _aCRL
_cCRL
_beng
041 _2eng
_aeng
082 _aR5, H8
100 _aParker Dewitt H
245 0 _aTrue, the good and the beautiful
260 _c1948
490 _aContributions in modern philosophy
650 _aPHILOSOPHY
942 _hR5, H8
_cTEXL
_2cc
999 _c1063946
_d1063946